Medallero de los Juegos Olímpicos - Remo - Estadísticas

Estadísticas generales
  • Esta prueba ha sido intentada 22 veces
  • La puntuación promedio es 13 de 16
Estadísticas de respuestas
Total Oro Plata Bronce País % Correcto
53 22 17 14 Alemania
100%
47 33 7 7 Alemania Oriental
100%
40 13 12 15 Australia
100%
88 33 31 23 Estados Unidos
100%
39 9 16 14 Francia
95%
36 8 15 13 Países Bajos
95%
41 9 17 15 Canadá
90%
41 11 14 16 Italia
90%
66 29 23 14 Reino Unido
90%
18 4 4 11 Polonia
80%
23 6 5 12 Dinamarca
75%
27 14 5 8 Nueva Zelanda
75%
24 7 8 9 Suiza
70%
41 12 20 9 Unión Soviética
70%
18 3 8 7 Noruega
60%
41 20 12 9 Rumania
40%
No se encontraron pruebas coincidentes
Distribución de puntuación
Porcentaje de gente con cada puntuación
Porcentaje por número respondido
Historial de tus puntuaciones
No has intentado esta prueba.